Fenomény politického diskurzu

Vymedzenie pojmu politický diskurz. Politický diskurz minulosti versus novodobý politický diskurz. Fenomény ovplyvňujúce súčasný politický diskurz.

Salvato in:
Dettagli Bibliografici
Autore principale: Melušová, Elena, 1953-
Natura: Capitolo di libro
Lingua:slovacco
Soggetti:
Tags: Aggiungi Tag
Nessun Tag, puoi essere il primo ad aggiungerne!!

MARC

LEADER 00000naa$a2200000$$$4500
001 0237566
005 20240502073834.0
041 0 |a slo 
044 |a SK 
245 1 0 |a Fenomény politického diskurzu  |c Elena Melušová 
520 |a Vymedzenie pojmu politický diskurz. Politický diskurz minulosti versus novodobý politický diskurz. Fenomény ovplyvňujúce súčasný politický diskurz. 
610 2 0 |a politika 
610 2 0 |a komunikácia 
610 2 0 |a jazykoveda 
610 2 0 |a médiá 
610 2 0 |a strany politické 
100 1 |a Melušová, Elena, 1953-